Reorganizácia v spoločnosti GM

Enregistré dans:
Détails bibliographiques
Auteur principal: Majtán, Miroslav
Format: Chapitre de livre
Langue:slovaque
Tags: Ajouter un tag
Pas de tags, Soyez le premier à ajouter un tag!

MARC

LEADER 00000naa$a2200000$$$4500
001 0110570
005 20220524121658.0
041 0 |a slo 
044 |a SK 
245 1 0 |a Reorganizácia v spoločnosti GM  |c Miroslav Majtán 
100 1 |a Majtán, Miroslav